NLSUI OPAC header image

Defences in unjust enrichment / (Record no. 113438)

MARC details
000 -LEADER
fixed length control field 01410cam a2200385 i 4500
001 - CONTROL NUMBER
control field 18787080
003 - CONTROL NUMBER IDENTIFIER
control field OSt
005 - DATE AND TIME OF LATEST TRANSACTION
control field 20190412103421.0
008 - FIXED-LENGTH DATA ELEMENTS--GENERAL INFORMATION
fixed length control field 150917s2016 oru b 001 0 eng
010 ## - LIBRARY OF CONGRESS CONTROL NUMBER
LC control number 2015036600
020 ## - INTERNATIONAL STANDARD BOOK NUMBER
International Standard Book Number 9781849467254
040 ## - CATALOGING SOURCE
Original cataloging agency DLC
Language of cataloging eng
Transcribing agency DLC
Description conventions rda
Modifying agency DLC
042 ## - AUTHENTICATION CODE
Authentication code pcc
043 ## - GEOGRAPHIC AREA CODE
Geographic area code e-uk---
050 00 - LIBRARY OF CONGRESS CALL NUMBER
Classification number KD1924
Item number .D44 2016
082 00 - DEWEY DECIMAL CLASSIFICATION NUMBER
Classification number 346.4102/9
Edition number 23
245 00 - TITLE STATEMENT
Title Defences in unjust enrichment /
Statement of responsibility, etc. edited by Andrew Dyson, James Goudkamp and Frederick Wilmot-Smith.
264 #1 - PRODUCTION, PUBLICATION, DISTRIBUTION, MANUFACTURE, AND COPYRIGHT NOTICE
Place of production, publication, distribution, manufacture Portland, Oregon :
Name of producer, publisher, distributor, manufacturer Hart Publishing,
Date of production, publication, distribution, manufacture, or copyright notice 2016.
300 ## - PHYSICAL DESCRIPTION
Extent xxxi, 328 pages ;
Dimensions 24 cm.
336 ## - CONTENT TYPE
Content type term text
Source rdacontent
337 ## - MEDIA TYPE
Media type term unmediated
Source rdamedia
338 ## - CARRIER TYPE
Carrier type term volume
Source rdacarrier
490 0# - SERIES STATEMENT
Series statement Hart studies in private law : essays on defences ;
Volume/sequential designation volume 2
504 ## - BIBLIOGRAPHY, ETC. NOTE
Bibliography, etc. note Includes bibliographical references and index.
650 #0 - SUBJECT ADDED ENTRY--TOPICAL TERM
Topical term or geographic name entry element Unjust enrichment
Geographic subdivision Great Britain.
650 #0 - SUBJECT ADDED ENTRY--TOPICAL TERM
Topical term or geographic name entry element Restitution
Geographic subdivision Great Britain.
650 #0 - SUBJECT ADDED ENTRY--TOPICAL TERM
Topical term or geographic name entry element Defense (Civil procedure)
Geographic subdivision Great Britain.
700 1# - ADDED ENTRY--PERSONAL NAME
Personal name Dyson, Andrew,
Relator term editor.
700 1# - ADDED ENTRY--PERSONAL NAME
Personal name Goudkamp, James,
Dates associated with a name 1980-
Relator term editor.
700 1# - ADDED ENTRY--PERSONAL NAME
Personal name Wilmot-Smith, Frederick,
Dates associated with a name 1986-
Relator term editor.
856 ## - ELECTRONIC LOCATION AND ACCESS
Uniform Resource Identifier <a href="https://www.bloomsburycollections.com/book/defences-in-unjust-enrichment/">https://www.bloomsburycollections.com/book/defences-in-unjust-enrichment/</a>
906 ## - LOCAL DATA ELEMENT F, LDF (RLIN)
a 7
b cbc
c orignew
d 1
e ecip
f 20
g y-gencatlg
942 ## - ADDED ENTRY ELEMENTS (KOHA)
Source of classification or shelving scheme Dewey Decimal Classification
Koha item type E-Books - Cambridge, Bloomsbury, Oxford Handbooks & West Academic
Holdings
Withdrawn status Lost status Source of classification or shelving scheme Damaged status Not for loan Home library Current library Shelving location Date acquired Total Checkouts Full call number Barcode Date last seen Price effective from Koha item type
    Dewey Decimal Classification     NLS NLS   12/04/2019   346.4102/9 EBK-366 12/04/2019 12/04/2019 E-Books - Cambridge, Bloomsbury, Oxford Handbooks & West Academic